2022-23 EFL League One Table - Statistics

General Stats
  • This quiz has been taken 10 times
  • The average score is 17 of 24
Answer Stats
Place Points Team % Correct
5 81 Bolton Wanderers
90%
7 76 Derby County
90%
14 56 Exeter City
90%
11 62 Lincoln City
90%
3 96 Sheffield Wednesday
90%
4 86 Barnsley
80%
10 62 Charlton Athletic
80%
2 98 Ipswich Town
80%
6 77 Peterborough United
80%
1 101 Plymouth Argyle
80%
20 46 Cambridge United
70%
24 27 Forest Green Rovers
70%
21 45 Milton Keynes Dons
70%
22 44 Morecambe
70%
8 70 Portsmouth
70%
15 56 Burton Albion
60%
13 58 Fleetwood Town
60%
19 47 Oxford United
60%
9 69 Wycombe Wanderers
60%
17 53 Bristol Rovers
50%
18 49 Port Vale
50%
12 59 Shrewsbury Town
50%
23 44 Accrington Stanley
40%
16 54 Cheltenham Town
40%
No matching quizzes found
Score Distribution
Percent of People with Each Score
Percentile by Number Answered
Your Score History
You have not taken this quiz